Cargando...

Women writers and Indian diaspora/

Detalles Bibliográficos
Autor principal: Beena Agarwal
Formato: Printed Book
Lenguaje:English
Publicado: New Delhi: Authorspress, 2011.
Materias:
LEADER 00660 a2200169 4500
008 140424b xxu||||| |||| 00| 0 eng d
020 |a 9788172736064 
082 |a 820.992870954 
100 |a Beena Agarwal. 
245 |a Women writers and Indian diaspora/  |c Beena Agarwal. 
260 |c 2011.  |b Authorspress,  |a New Delhi: 
300 |a v,189 p.:  |c 22 cm. 
650 |a Emigration and immigration in literature. 
650 |a Indic literature(English) - Women authors. 
942 |2 ddc  |c BK 
999 |c 101568  |d 101568 
952 |0 0  |1 0  |4 0  |6 820_992870954000000_BEE_W  |7 0  |9 101681  |a UL  |b UL  |c ST1  |d 2013-09-09  |e 2  |g 350.00  |l 6  |m 1  |o 820.992870954 BEE/W  |p 90025  |r 2018-11-28  |s 2018-11-14  |v 500.00  |y BK